ბათუმის შოთა რუსთაველის სახელმწიფო უნივერსიტეტის ბიბლიოთეკა

Практические занятия с логарифмической линейкой (ბიბ.ჩანაწერი № 47981)

000 -LEADER
fixed length control field 00720nam a2200217Ia 4500
001 - CONTROL NUMBER
control field 14859
003 - CONTROL NUMBER IDENTIFIER
control field GE_BSU
008 - FIXED-LENGTH DATA ELEMENTS--GENERAL INFORMATION
fixed length control field 181216s||||||||xx |||||||||||||| ||und||
040 ## - CATALOGING SOURCE
Transcribing agency GE_BSU
080 ## - UNIVERSAL DECIMAL CLASSIFICATION NUMBER
Universal Decimal Classification number 519.6(075.32)
100 ## - MAIN ENTRY--PERSONAL NAME
Personal name Богомолов Н.В.
245 ## - TITLE STATEMENT
Title Практические занятия с логарифмической линейкой
245 ## - TITLE STATEMENT
Remainder of title учеб пособие для сред. спец. учеб. заведений.
260 ## - PUBLICATION, DISTRIBUTION, ETC.
Place of publication, distribution, etc. Москва
260 ## - PUBLICATION, DISTRIBUTION, ETC.
Name of publisher, distributor, etc. Высшая школа
260 ## - PUBLICATION, DISTRIBUTION, ETC.
Date of publication, distribution, etc. 1977
300 ## - PHYSICAL DESCRIPTION
Extent 103стр.20см.
300 ## - PHYSICAL DESCRIPTION
Accompanying material Табл.
653 ## - INDEX TERM--UNCONTROLLED
Uncontrolled term Практические занятия с логарифмической линейкой
942 ## - ADDED ENTRY ELEMENTS (KOHA)
Koha item type წიგნი
ეგზემპლარები
Withdrawn status Lost status Damaged status Not for loan Date acquired Barcode Date last seen Price effective from Koha item type
        2018-12-17 17914 2018-12-17 2018-12-17 წიგნი